000 00711nam a22002897a 4500
005 20260415175041.0
008 201204b2019 xxu||||| |||| 00| 0 spa d
020 _a9789563924985
041 _aESP
082 _a365 F388h
100 _aFerri, Enrico
_915279
245 _aLos hombres y las cárceles
260 _aArgentina
260 _bOlenijk
260 _c2019
300 _a67 páginas
490 _aInvestigación Criminal
650 _aCÁRCELES
650 _aESCUELAS PENITENCIARIAS
650 _aSUICIDIO
650 _aDELINCUENTES
650 _aPOLICÍA JUDICIAL
650 _aPREVENCIÓN SOCIAL
650 _aCRIMINALIDAD
650 _aINFANCIA ABANDONADA
942 _cBK
_2ddc
999 _c12832
_d12832